书目信息 |
| 题名: |
中国注册房地产经纪人执业资格考试复习题集
|
|
| 作者: | 张宝岭 编 | |
| 分册: | ||
| 出版信息: | 北京 中国建材工业出版社 2003.06 |
|
| 页数: | 160页 | |
| 开本: | 26cm | |
| 丛书名: | ||
| 单 册: | ||
| 中图分类: | F299.233-44 | |
| 科图分类: | ||
| 主题词: | 房地产业--经纪人--资格--考核--中国--习题 , 房地产业 , 经纪人 | |
| 电子资源: | ||
| ISBN: | 7-80159-450-9 | |
| 000 | 00731nam0 2200229 45 | |
| 001 | 012003000000 | |
| 005 | 20050117150337.33 | |
| 010 | @a7-80159-450-9@dCNY 18.00 | |
| 100 | @a20030505d2003 ekmy0chiy0121 ea | |
| 101 | 0 | @achi |
| 102 | @aCN@b110000 | |
| 105 | @ay zq 000yy | |
| 200 | 1 | @a中国注册房地产经纪人执业资格考试复习题集@Azhong guo zhu ce fang di chan jing ji ren zhi ye zi ge kao shi fu xi ti ji@f张宝岭编 |
| 210 | @a北京@c中国建材工业出版社@d2003.06 | |
| 215 | @a160页@d26cm | |
| 606 | 0 | @a房地产业@x经纪人@x资格@x考核@y中国@j习题 |
| 606 | 0 | @a房地产业 |
| 606 | 0 | @a经纪人 |
| 690 | @aF299.233-44@v4 | |
| 701 | 0 | @a张宝岭@Azhang bao ling@4编 |
| 801 | 0 | @aCN@bQSSKL2@c20050117 |
| 905 | @a10447@dF299.233-44@eZ0701 | |
| 中国注册房地产经纪人执业资格考试复习题集/张宝岭编.-北京:中国建材工业出版社,2003.06 |
| 160页;26cm |
| ISBN 7-80159-450-9:CNY 18.00 |
| ● |
| 相关链接 |
|
|
|
正题名:中国注册房地产经纪人执业资格考试复习题集
索取号:F299.233-44/Z0701
 
预约/预借
| 序号 | 登录号 | 条形码 | 馆藏地/架位号 | 状态 | 备注 |
| 1 | 438229 | 204382293 | 社科库409/409社科库 31排2列5层/ [索取号:F299.233-44/Z0701] | 在馆 | |
| 2 | 438230 | 204382300 | 社科库409/ [索取号:F299.233-44/Z0701] | 在馆 |